[Event "Chigorin Memorial Blitz 30th"]
[Site "St Petersburg"]
[Date "2023.10.20"]
[Round "2"]
[White "Zakhartsov, Vladimir"]
[Black "Novikov, Igor"]
[Result "1-0"]
[WhiteElo "2523"]
[BlackElo "2192"]
[PlyCount "79"]
[EventDate "2023.10.20"]
[EventType "swiss (blitz)"]
[EventRounds "11"]
[EventCountry "RUS"]
[SourceTitle "Mega2024 Update 01"]
[Source "Chessbase"]
[SourceDate "2023.11.12"]
[SourceVersion "1"]
[SourceVersionDate "2023.11.12"]
[SourceQuality "1"]

1. d4 Nf6 2. c4 e6 3. Nf3 d5 4. g3 Be7 5. Bg2 0-0 6. Nc3 c5 7. cxd5 Nxd5 8. Nxd5 Qxd5 9. 0-0 cxd4 10. Nxd4 Qa5 11. Qb3 Na6 12. Be3 Nc5 13. Qc4 Bd7 14. b4 Qa4 15. Rac1 e5 16. bxc5 Qxc4 17. Rxc4 exd4 18. Bxd4 Bc6 19. Bxc6 bxc6 20. Rb1 Rfb8 21. Rxb8+ Rxb8 22. Ra4 Rb7 23. Ra6 Rc7 24. Be5 Rc8 25. Bd6 Bxd6 26. cxd6 Kf8 27. Rxa7 c5 28. Rc7 Rd8 29. Rxc5 Rxd6 30. a4 Rd2 31. e3 Ra2 32. a5 Ke7 33. Rc7+ Ke6 34. Ra7 g5 35. g4 h6 36. Kg2 f5 37. Ra6+ Ke5 38. gxf5 Kxf5 39. Rxh6 Rxa5 40. h4 1-0

[Event "Bundesliga 2122"]
[Site "Germany"]
[Date "2022.05.15"]
[Round "8.3"]
[White "Novikov, Igor"]
[Black "Papp, Gabor"]
[Result "1/2-1/2"]
[WhiteElo "2551"]
[BlackElo "2574"]
[PlyCount "110"]
[EventDate "2022.03.05"]
[EventType "team-tourn"]
[EventRounds "15"]
[EventCountry "GER"]
[SourceTitle "EXT 2023"]
[Source "ChessBase"]
[SourceDate "2022.10.05"]
[SourceVersion "1"]
[SourceVersionDate "2022.10.05"]
[SourceQuality "1"]
[WhiteTeam "Muelheim Nord"]
[BlackTeam "Hamburger SK"]
[WhiteTeamCountry "GER"]
[BlackTeamCountry "GER"]

1. d4 Nf6 2. c4 e6 3. Nf3 d5 4. Nc3 dxc4 5. e4 b5 6. e5 Nd5 7. Nxb5 Nb6 8. Be2 Nc6 9. 0-0 Be7 10. Qd2 Bb7 11. Rd1 Qd7 12. Na3 Bxa3 13. bxa3 Ne7 14. Qc2 Bc6 15. Bxc4 Nxc4 16. Qxc4 Bxf3 17. gxf3 0-0 18. Bd2 Nd5 19. Rab1 f6 20. f4 fxe5 21. fxe5 Rf3 22. Rb3 Raf8 23. Bb4 R8f5 24. Rxf3 Rxf3 25. Qa6 Qe8 26. Kg2 Rf5 27. Bd2 Qg6+ 28. Kf1 h6 29. Rb1 Kh7 30. Rb3 Qg4 31. Qd3 Qh4 32. Be3 Qxh2 33. Qe4 Qh3+ 34. Ke1 Qh2 35. Kf1 Qh5 36. Ke1 Qg6 37. Rb8 Qg1+ 38. Kd2 Qg6 39. Kd3 a6 40. Rb1 Qe8 41. Kd2 Qg6 42. Kd3 Rf8 43. Rc1 Rb8 44. Rc2 Qxe4+ 45. Kxe4 g6 46. Bd2 h5 47. a4 Kg7 48. a5 Kf7 49. Rc6 Rb2 50. Kd3 h4 51. Rc1 Rb8 52. Rh1 Rh8 53. Rh3 Rh5 54. Ke4 Ke8 55. f4 Ne7 1/2-1/2

[Event "Chigorin Memorial blitz 24th"]
[Site "St Petersburg"]
[Date "2016.10.14"]
[Round "1"]
[White "Bok, Benjamin"]
[Black "Novikov, Igor"]
[Result "0-1"]
[WhiteElo "2594"]
[BlackElo "2192"]
[PlyCount "76"]
[EventDate "2016.10.14"]
[EventType "swiss (blitz)"]
[EventRounds "13"]
[EventCountry "RUS"]
[SourceTitle "EXT 2017"]
[Source "ChessBase"]
[SourceDate "2016.10.25"]
[SourceVersion "1"]
[SourceVersionDate "2016.10.25"]
[SourceQuality "1"]

1. d4 Nf6 2. c4 g6 3. g3 Bg7 4. Bg2 0-0 5. Nc3 d6 6. Nf3 Nbd7 7. 0-0 c6 8. b3 e5 9. Ba3 c5 10. dxe5 dxe5 11. Qc2 Qa5 12. Bb2 Re8 13. Ng5 Nf8 14. Nd5 Nxd5 15. Bxd5 Ne6 16. Nxe6 Bxe6 17. Bxb7 Rad8 18. Rfd1 Qc7 19. Bd5 Bxd5 20. Rxd5 Rxd5 21. cxd5 e4 22. Bxg7 Kxg7 23. Rc1 e3 24. Qxc5 exf2+ 25. Kxf2 Qd7 26. Qd4+ Kg8 27. e4 Qg4 28. Rc4 f5 29. e5 f4 30. gxf4 Rf8 31. d6 Rf5 32. Rc8+ Kg7 33. Rc4 Rh5 34. e6+ Kh6 35. Qe3 Rxh2+ 36. Ke1 Qg2 37. f5+ g5 38. Rf4 Rh1+ 0-1